000 00531nam a2200193 4500
001 138573
003 ES-MaACL
007 t|
008 070214s1977 ag r ||||1| spa d
100 1 _aSantaló, Luis A.
_9103268
245 1 0 _aGeometría proyectiva /
_cLuis A. Santaló.
250 _a3ª ed. rev.
260 _aBuenos Aires :
_bEudeba,
_c1977.
300 _aXII, 371 p. ;
_c23 cm.
490 1 _aEudeba manuales
830 0 _aEudeba manuales
_9187101
852 _aES-MaACL
_jL-8169
_bR.108601
999 _c138573
_d138573